| 000 | 00723nam a22001337a 4500 | ||
|---|---|---|---|
| 040 | _cRUA | ||
| 082 | _aVEM PHY 2015 B481 Or.1 | ||
| 100 | _aPHY BUNTHONG; ភី ប៊ុនថុន | ||
| 245 | _aPrevalence of gastrointestinal parasites in dogs at somrongtong district, kampong speu province, ការសិក្សាកម្រិតរាលដាលនៃបរាសិតក្នុងក្រពះពោះវៀនសុនខ ក្នុងស្រុកសំរោងទង ខេត្តកំពង់ស្ពឹ | ||
| 260 |
_aPhnom Penh _bRUA _c2015 |
||
| 300 |
_ax,37p. _bill. _c29cm. |
||
| 856 | _uhttps://drive.google.com/file/d/1FyUNqz12hGfY5T0g9aznZ_H7k8jJvlfE/view?usp=sharing | ||
| 942 | _cVEM | ||
| 999 |
_c8156 _d8156 |
||